000 03477nam a22003377a 4500
001 TIC 0009
003 gtcocun
005 20250924163251.0
006 a||||gr|||| 00| 0
007 ta
008 250924b2020 gt ||||| m||| 00| 0 eng d
040 _agtcocun
_bSPA
_cgtcocun
_eRDA
041 _aSPA TIC 0009
084 _0TIC 0009
100 _aPonce Leal, Héctor Smailyn
_eAutor
245 _aDISEÑO Y PLANIFICACIÓN DE EDIFICIO ESCOLAR DE DOS NIVELES, PARA EL INSTITUTO NACIONAL DE EDUCACIÓN BÁSICA Y DIVERSIFICADA CHOVAL, MICRO-REGIÓN IX, COBÁN, A.V. Y DISEÑO Y PLANIFICACIÓN DE CAMINO RURAL DE LA COMUNIDAD DE CHOVAL O.W. Y CHOVAL H.W., MICRO-REGIÓN IX COBÁN, ALTA VERAPAZ./
_cHéctor Smailyn Ponce Leal.
_hImpreso
264 _aCobán, Alta Verapaz:
_bUniversidad de San Carlos de Guatemala, Centro Universitario del Norte, Ingeniería Civil
_c2020
300 _a241 p.:
_bIlustraciones, gráficas.
_c28 cm;
300 _cPDF
336 _2rdacontenido
_aTexto
_btxt
337 _2rdamedio
_aComputadora
_bn
338 _2rdasoporte
_aCódigo en línea
_bcr
502 _eTIC 0009
502 _aTesis de grado
_bIngeniería Civil,
_cUniversidad de San Carlos de Guatemala, Centro Universitario del Norte, Ingeniería Civil,
_d2020
_oTIC 0009
520 1 4 _aEl ejercicio profesional supervisado fue ejecutado dentro de la dependencia de la Dirección Técnica de Planificación Municipal, de la Municipalidad de Cobán, Alta Verapaz. El aporte mono disciplinario como parte de la carrera de Ingeniería Civil, se desarrolló en conjunto con las actividades del equipo multidisciplinario EPSUM (primera cohorte 2,019); en donde se ejecutaron las líneas de intervención multidisciplinaria dentro de las comunidades de la micro-región IX, Choval, del Municipio de Cobán, A.V. Siendo Choval, la novena micro-región del municipio de Cobán, con una población aproximada de más de 15,800 personas, entre adultos, jóvenes, adolescentes y niños. Es aquí en donde se contribuyó con la elaboración de dos estudios técnicos de proyectos afines a las necesidades existentes, los cuales se denominaron: “Diseño y planificación de Edificio Escolar de 2 Niveles, para el Instituto Nacional de Educación Básica y Diversificada Choval, Micro-región IX, Cobán, A.V.” y el “Diseño y planificación de Camino Rural de la comunidad de Choval Central, hacia las comunidades de Choval, O.W. y H.W., Micro-región IX, Cobán, A.V.”. Ambos proyectos se desarrollaron con base a las normativas vigentes y obligatorias, tanto para el área estructural, como para el área de vías terrestres. A la vez se desarrolló la evaluación ambiental inicial (EAI), de cada uno. Sumado al desarrollo de los estudios técnicos, fue posible desarrollar más actividades bajo las áreas de intervención de salud y ambiente, en respuesta al Ejercicio Profesional Supervisado Multidisciplinario (EPSUM), en donde se formuló un plan estratégico de mediación para el desarrollo del proyecto denominado: Reducción de la vulnerabilidad nutricional, agua y saneamiento.
650 _2LEMB
_aCobán, Alta Verapaz.
_xIngeniería
_xProyectos
_xEvaluación
_xAmbiental
_xEstructural
_xSaneamiento
700 _aIng. Civil Marlon Alexander Moran Castro
_eAsesor
856 _uhttps://drive.google.com/file/d/19AnOZiju6wrTVIlnbT95m-TJvvROlLTP/view
_yPDF
_zUn ejemplar en línea.
942 _2ddc
_cTES
_iTIC 0009
_kClasificación
_n0
_6TIC_0009_000000000000000
999 _c2114
_d2114